Quiz Articles Constit L1S2 - Statistiques

Statistiques générales
  • Ce quiz a été pris 341 fois
  • Le résultat moyen est 14 sur 31
Statistiques - réponses
Hint Réponse % Correct
Article 8 al.1 Nomination du Premier ministre
89%
Article 11 Référendum
81%
Article 5 Rôle du Président (arbitre des institutions)
78%
Article 15 Chef des armées
64%
Article 37 Domaine du règlement
63%
Article 19 Pouvoirs propres du Président
61%
Article 89 Révision de la Constitution
60%
Article 34 Domaine de la loi
59%
Article 49 al.2 Motion de censure
58%
Article 21 Pouvoirs du Premier ministre
55%
Article 9 Présidence du Conseil des ministres
53%
Article 49 al.3 Adoption sans vote
52%
Article 49 al.1 Question de confiance
50%
Article 20 Rôle du Gouvernement
48%
Article 68 Destitution du Président
44%
Article 38 Ordonnances
44%
Article 50 Démission du Gouvernement
41%
Article 49 Responsabilité du Gouvernement
39%
Article 67 Immunité du Président
38%
Articles 39 à 48 Procédure législative
35%
Article 56 Composition du Conseil constitutionnel
34%
Article 23 Incompatibilités des ministres
34%
Article 41 Irrecevabilité des lois
32%
Article 57 Incompatibilités au Conseil constitutionnel
29%
Article 53-2 Cour pénale internationale
28%
Article 46 Lois organiques
27%
Articles 68-1 / 68-2 Responsabilité pénale des ministres
26%
Article 39 Initiative des lois
25%
Article 24 Rôle du Parlement
25%
Article 25 Remplacement des parlementaires
19%
Article 53 Ratification des traités
18%
Aucun quiz correspondant
Distribution des résultats
% des personnes avec chaque résultat
Percentile par nombre de réponses
Votre historique - résultats
Vous n’avez pas pris ce quiz